| 000 | 01189cam a22001814a 4500 | ||
|---|---|---|---|
| 005 | 20250605164404.0 | ||
| 008 | 250528s ||||||||||||||||||||||||d | ||
| 035 | _a24751 | ||
| 040 |
_aGR-AtMCL _bgre _dGR-AtMCL _eAACR2 |
||
| 245 | 1 | _aFood Logistics and Suppliers / Οι Απαραίτητοι Συνετργάτες για τους Επαγγελματίες του Τομέα Τροφίμων | |
| 260 |
_bScl Magazine, _c2022 |
||
| 300 | _a104 | ||
| 520 | _aMobile Racking System από την Stamh: Η Σίγουρη Λύση για την Αύξηση της Χωριτικότητας στην Αποθήκη σας, Απαιτούνται Λύσεις για τον Κλάδο Μηχανημάτων Έργου, Προαπαιτούμενα για το Παρρόν and Ongoing Trends για το Μέλλον, Συνεχώς Αυξανόμενη η Σημασία της Ωυκτικής Αλυσίδας στην Ευρωπαϊκή Οικονομία, E-Transit: Οι Κορυφαίες Λύσεις Ηλεκτροκίνσης είναι Εδώ. | ||
| 700 | 1 |
_aΔημητριάδης Θεόδωρος _99489 |
|
| 942 | _cCR | ||
| 999 |
_c9606 _d9606 |
||